Concentration, Efficiency, and Competitive Environment
Teoretická a empirická analýza monopolnej sily odvetví slovenského priemyslu. Skúmanie konkurenčného prostredia. Empirická analýza stavu a vývoja koncentrácie slovenského priemyslu. Vzťah koncentrovanosti a hospodárskeho výsledku za jednotlivé subkategórie priemyslu.
Na minha lista:
| Autor principal: | |
|---|---|
| Outros Autores: | |
| Formato: | Capítulo de Livro |
| Idioma: | inglês |
| Assuntos: | |
| Tags: |
Sem tags, seja o primeiro a adicionar uma tag!
|
MARC
| LEADER | 00000naa a2200000 4500 | ||
|---|---|---|---|
| 001 | r018866 | ||
| 005 | 20240502071327.4 | ||
| 041 | 0 | |a eng | |
| 044 | |a SK | ||
| 245 | 1 | 0 | |a Concentration, Efficiency, and Competitive Environment |c Ladislav Unčovský, Ivan Brezina |
| 520 | |a Teoretická a empirická analýza monopolnej sily odvetví slovenského priemyslu. Skúmanie konkurenčného prostredia. Empirická analýza stavu a vývoja koncentrácie slovenského priemyslu. Vzťah koncentrovanosti a hospodárskeho výsledku za jednotlivé subkategórie priemyslu. | ||
| 610 | 2 | 0 | |a priemysel |
| 610 | 2 | 0 | |a Slovensko |
| 610 | 2 | 0 | |a koncentrácia |
| 610 | 2 | 0 | |a efektívnosť |
| 610 | 2 | 0 | |a konkurencia |
| 610 | 2 | 0 | |a analýza regresná |
| 610 | 2 | 0 | |a výsledok hospodársky |
| 610 | 2 | 0 | |a zisk |
| 610 | 2 | 0 | |a modely ekonometrické |
| 100 | 1 | |a Unčovský, Ladislav | |
| 700 | 1 | |a Brezina, Ivan, 1963- | |